00661nam a22002177a 4500003000500000005001700005008004100022010001000063011001000073020001500083035001100098040000900109082001600118100003500134245013800169260003400307300001100341650002700352700002900379700003500408CHAP20220329143523.0100330s1996 mx r 00010 spa d a97932 a98904 a9687724471 a109589 cCHAP14a543.03bH431 aHerrera Posada, Maritza Dagmar10aDiccionario básico de química analíticac/por Maritza Dagmar Herrera Posada, Lilia Dávila Badillo y Juan A. Pérez Legorreta aMéxico, D. F. :bIPN,c1996 a146 p.14aQuímica analítica.1 aDávila Badillo, Lilia.1 aPérez Legorreta, Juan Alejo.